[Event "Olexuv memorial 2017"]
[Site "?"]
[Date "2017.12.30"]
[Round "6.8"]
[White "Doskar, Miloslav"]
[Black "Broz, Jann"]
[Result "1-0"]
[WhiteElo "1637"]
[BlackElo "1267"]
[PlyCount "61"]
[EventDate "2017.??.??"]
[SourceDate "2017.12.30"]

1. d4 d5 2. c4 e6 3. Nf3 Nf6 4. Bg5 Be7 5. Nc3 Nbd7 6. e3 h6 7. Bh4 O-O 8. Bd3
b6 9. cxd5 Nxd5 10. Bg3 Bb4 11. Qc2 Bb7 12. e4 N5f6 13. a3 Bxc3+ 14. bxc3 c5
15. Qe2 Rc8 16. O-O Qe7 17. Bh4 cxd4 18. e5 Bxf3 19. gxf3 Nxe5 20. Qxe5 dxc3
21. Bxf6 Qxf6 22. Qxf6 gxf6 23. Rfc1 Rfd8 24. Be2 Kg7 25. Kg2 Rd5 26. f4 Kg6
27. Kf3 e5 28. Rg1+ Kf5 29. fxe5 fxe5 30. Ke3 e4 31. Bg4+ 1-0

[Event "Olexuv memorial 2017"]
[Site "?"]
[Date "2017.12.30"]
[Round "6.9"]
[White "Koci, Milos"]
[Black "Hala, Pavel"]
[Result "1/2-1/2"]
[WhiteElo "1308"]
[BlackElo "1588"]
[PlyCount "76"]
[EventDate "2017.??.??"]
[SourceDate "2017.12.30"]

1. d4 d6 2. Bf4 e6 3. Nf3 Ne7 4. e3 b6 5. Nbd2 Bb7 6. Be2 Ng6 7. Bg3 Be7 8. O-O
O-O 9. c3 Bf6 10. Qc2 Nd7 11. Rfe1 Bh4 12. Nxh4 Nxh4 13. Bxh4 Qxh4 14. Bf3 d5
15. c4 c6 16. g3 Qf6 17. Bg2 Rac8 18. Nf3 Qg6 19. Qxg6 fxg6 20. cxd5 exd5 21.
Bh3 Rxf3 22. Bxd7 Rd8 23. Bg4 Rf6 24. Rac1 h5 25. Bh3 g5 26. Bg2 Rdf8 27. Rc2
Bc8 28. Rec1 Bd7 29. Rd2 g4 30. Bf1 Kf7 31. Bd3 Ke7 32. b4 Kd6 33. a3 g5 34.
Rb2 h4 35. Kg2 h3+ 36. Kf1 Re8 37. Kg1 b5 38. Re1 a5 1/2-1/2

[Event "Olexuv memorial 2017"]
[Site "?"]
[Date "2017.12.31"]
[Round "6.10"]
[White "Divis, Jan"]
[Black "Brda, Vlastimil"]
[Result "1-0"]
[WhiteElo "1554"]
[BlackElo "1227"]
[PlyCount "124"]
[EventDate "2017.??.??"]
[SourceDate "2017.12.31"]

1. d4 Nf6 2. Bf4 Nd5 3. Bg3 Nc6 4. e4 Nf6 5. Nc3 e6 6. a3 a6 7. Be2 g6 8. Nf3
Nh5 9. d5 Nxg3 10. hxg3 Na7 11. dxe6 fxe6 12. Qd4 Rg8 13. Rxh7 c5 14. Qd1 Nc6
15. Bd3 Qf6 16. Qe2 Rh8 17. Rxh8 Qxh8 18. O-O-O Bg7 19. e5 Nd4 20. Nxd4 cxd4
21. Na2 Bxe5 22. Bxg6+ Kd8 23. Bd3 Kc7 24. f4 Bd6 25. Kb1 b6 26. Be4 Ra7 27.
Qc4+ Kb8 28. Qxd4 Qxd4 29. Rxd4 Bc5 30. Rd1 Bf2 31. g4 Bg3 32. f5 a5 33. Nc3
Ba6 34. fxe6 dxe6 35. g5 Re7 36. g6 Kc7 37. Rh1 Be5 38. Rh7 Bg7 39. Kc1 Kd6 40.
Nd1 Ke5 41. Bf3 Kf4 42. Rh4+ Kg5 43. Rg4+ Kf5 44. Ne3+ Kf6 45. Rg3 Bh6 46. Be4
Rg7 47. Kd1 Rd7+ 48. Ke1 Kg7 49. b3 Rd4 50. Bd3 Bc8 51. Nc4 Ba6 52. Nxb6 Bxd3
53. cxd3 Rd8 54. Nc4 Rc8 55. Ke2 Rc5 56. Rg4 Rb5 57. Re4 Kxg6 58. Rxe6+ Kg7 59.
Rb6 Rg5 60. Kf3 Rf5+ 61. Ke4 Rf4+ 62. Kd5 Rf2 1-0

[Event "Olexuv memorial 2017"]
[Site "?"]
[Date "2017.12.31"]
[Round "7.1"]
[White "Borovicka, Bohumil"]
[Black "Hajek, Oskar"]
[Result "0-1"]
[WhiteElo "1875"]
[BlackElo "2110"]
[PlyCount "126"]
[EventDate "2017.??.??"]
[SourceDate "2017.12.31"]

1. e4 d6 2. d4 Nf6 3. Nc3 e5 4. Nf3 Nbd7 5. Bd3 Be7 6. O-O O-O 7. Bg5 c6 8. a4
a5 9. Qe2 h6 10. Bh4 Nh5 11. Bg3 Nxg3 12. hxg3 Qb6 13. dxe5 Nxe5 14. Nxe5 dxe5
15. b3 Bc5 16. Rad1 Be6 17. Nb1 Rad8 18. Nd2 Rd7 19. Bc4 Re7 20. Bxe6 Rxe6 21.
Nc4 Qc7 22. Rd3 Kh7 23. Ne3 g6 24. Rfd1 Re7 25. g4 f6 26. Qf3 Kg7 27. Qe2 Rff7
28. Qd2 b6 29. Qe2 Rd7 30. Rxd7 Rxd7 31. Rxd7+ Qxd7 32. Nd1 Kf7 33. Nb2 b5 34.
c4 bxa4 35. Nxa4 Bb4 36. Kh2 Qd4 37. g3 Ke6 38. Kg2 Bd2 39. Nc5+ Qxc5 40. Qxd2
Qd4 41. Qc2 Kd6 42. f3 Kc5 43. Qa2 Qc3 44. Kf2 Kd4 45. Kg2 Kd3 46. Qa3 Ke2 47.
Qa2+ Qd2 48. Qb1 Ke3+ 49. Kh3 Qe2 50. b4 axb4 51. Qxb4 Kxf3 52. Qb3+ Kxe4 53.
Qb1+ Qd3 54. Qe1+ Kd4 55. Qf2+ Kxc4 56. Qxf6 Qe4 57. Qf1+ Kb4 58. Qf8+ c5 59.
Kh2 Qxg4 60. Qb8+ Kc4 61. Qg8+ Kc3 62. Qf8 Qd4 63. Qf6 Qd2+ 0-1

[Event "Olexuv memorial 2017"]
[Site "?"]
[Date "2017.12.31"]
[Round "7.2"]
[White "Marsa, Alexandr"]
[Black "Snorek, Milan"]
[Result "0-1"]
[WhiteElo "1904"]
[BlackElo "1999"]
[PlyCount "156"]
[EventDate "2017.??.??"]
[SourceDate "2017.12.31"]

1. d4 d5 2. c4 c6 3. Nc3 Nf6 4. e3 a6 5. Qc2 g6 6. Bd3 Bg7 7. Nf3 Nbd7 8. O-O
O-O 9. e4 dxe4 10. Nxe4 Nxe4 11. Bxe4 Nf6 12. Re1 Nxe4 13. Qxe4 Re8 14. Bg5 f6
15. Bf4 Bf5 16. Qe2 g5 17. Be3 h6 18. Rad1 e6 19. Nd2 Qc7 20. Nf1 Rad8 21. Ng3
Bg6 22. Qf1 e5 23. dxe5 Rxd1 24. Rxd1 Qxe5 25. Bd4 Qa5 26. a3 c5 27. Bc3 Qc7
28. Re1 Rd8 29. Qe2 Re8 30. Qd1 Rxe1+ 31. Qxe1 Qf4 32. Qe6+ Kh7 33. h3 h5 34.
Ne2 Qe4 35. Qxe4 Bxe4 36. Ng3 Bg6 37. f3 f5 38. Bxg7 Kxg7 39. Kf2 Kf6 40. Ne2
f4 41. h4 Bd3 42. hxg5+ Kxg5 43. Nc3 Bxc4 44. Ne4+ Kg6 45. Nxc5 Bd5 46. Ke1 h4
47. Nd3 Kf5 48. Nf2 Bc4 49. Ne4 Bd5 50. Nc5 a5 51. Kf2 Kf6 52. Nd3 Kg5 53. Ne5
a4 54. Nd7 Kf5 55. Ke2 Bc4+ 56. Kf2 Bb5 57. Nc5 b6 58. Ne4 Ke5 59. Ng5 Bd3 60.
Ke1 Bf5 61. Kd2 Kd4 62. Nf7 Bg6 63. Ng5 Bf5 64. Nf7 Bd7 65. Nd6 Bc6 66. Nf5+
Ke5 67. Nxh4 Kf6 68. Ke2 Kg5 69. g3 fxg3 70. Ng2 Bd7 71. Ne3 Be6 72. Ng2 Kf5
73. Ke3 Ke5 74. f4+ Kd5 75. Nh4 Kc4 76. f5 Bd5 77. Nf3 Kb3 78. f6 Kxb2 0-1

[Event "Olexuv memorial 2017"]
[Site "?"]
[Date "2017.12.31"]
[Round "7.3"]
[White "Effenberger, Adam"]
[Black "Spodny, Josef"]
[Result "1-0"]
[WhiteElo "1801"]
[BlackElo "1871"]
[PlyCount "147"]
[EventDate "2017.??.??"]

1. c4 Nf6 2. g3 e6 3. Bg2 d5 4. cxd5 exd5 5. Nf3 Be7 6. O-O O-O 7. b3 c6 8. Bb2
Nbd7 9. d3 Re8 10. Nbd2 Nf8 11. Rc1 Ng6 12. e3 a5 13. a4 Bd6 14. d4 Bf5 15. Re1
Ne4 16. Nxe4 Bxe4 17. Bh3 Qf6 18. Nd2 Bf5 19. Bxf5 Qxf5 20. Qf3 Qxf3 21. Nxf3
Re7 22. Kg2 f6 23. Re2 Nf8 24. Rec2 Ne6 25. Ne1 Nc7 26. Nd3 Na6 27. Ra1 Nb4 28.
Nxb4 Bxb4 29. Ba3 Bxa3 30. Rxa3 Ra6 31. Kf3 Re8 32. Ke2 Kf7 33. Kd3 Ke6 34. Ra1
Kd6 35. f3 f5 36. h3 Rb6 37. Rb1 h5 38. Rg2 Ra6 39. g4 hxg4 40. hxg4 fxg4 41.
Rxg4 Re7 42. Rg6+ Kd7 43. e4 Rf7 44. Ke3 dxe4 45. fxe4 Ra8 46. Rbg1 Rg8 47. e5
Ke8 48. Ke4 Kf8 49. e6 Re7 50. Ke5 Rh8 51. d5 cxd5 52. Kxd5 Rh3 53. R1g3 Rh2
54. Rf3+ Ke8 55. Rc3 Kd8 56. Rcg3 Rd2+ 57. Kc5 Re2 58. Rxg7 R2xe6 59. Rxe7 b6+
60. Kd5 Rxe7 61. Kd6 Re8 62. Rg6 Kc8 63. Kc6 Kd8 64. Kb7 Re7+ 65. Ka6 b5 66.
axb5 Re3 67. Rc6 Rxb3 68. Kxa5 Kd7 69. Kb6 Rb1 70. Rc2 Rb3 71. Ka6 Rb1 72. b6
Ra1+ 73. Kb7 Rb1 74. Rd2+ 1-0

[Event "Olexuv memorial 2017"]
[Site "?"]
[Date "2017.12.31"]
[Round "7.5"]
[White "Wunsch, Radek"]
[Black "Micka, Norbert"]
[Result "1/2-1/2"]
[WhiteElo "1815"]
[BlackElo "1808"]
[PlyCount "68"]
[EventDate "2017.??.??"]
[SourceDate "2017.12.31"]

1. e4 d6 2. d4 Nf6 3. Nc3 g6 4. f3 Bg7 5. Be3 c6 6. Qd2 Nbd7 7. Bh6 O-O 8. g4
b5 9. h4 b4 10. Nd1 Qb6 11. Bxg7 Kxg7 12. h5 Rh8 13. Ne3 Ba6 14. Bxa6 Qxa6 15.
Qxb4 Rab8 16. Qc3 Qb5 17. b3 h6 18. Ne2 e5 19. a4 Qb4 20. Qxb4 Rxb4 21. Nc4
exd4 22. Nxd4 c5 23. Nb5 d5 24. Nd2 a6 25. c3 Rxb5 26. axb5 axb5 27. hxg6 Kxg6
28. exd5 Nxd5 29. Ra6+ Kg7 30. Rd6 N7f6 31. c4 bxc4 32. bxc4 Re8+ 33. Kf2 Nf4
34. Kg3 Ne2+ 1/2-1/2

[Event "Olexuv memorial 2017"]
[Site "?"]
[Date "2017.12.31"]
[Round "7.6"]
[White "Hrdlicka, Vladan"]
[Black "Doskar, Miloslav"]
[Result "1/2-1/2"]
[WhiteElo "1834"]
[BlackElo "1637"]
[PlyCount "67"]
[EventDate "2017.??.??"]
[SourceDate "2017.12.31"]

1. e4 e5 2. Nf3 Nc6 3. Bb5 a6 4. Bxc6 dxc6 5. O-O Bd6 6. d4 Bg4 7. dxe5 Bxf3 8.
gxf3 Bxe5 9. f4 Bd6 10. Qg4 g6 11. e5 Be7 12. e6 f5 13. Qe2 Nf6 14. b3 O-O 15.
Rd1 Qe8 16. Nd2 Nd5 17. Nf3 Bf6 18. Bd2 Bxa1 19. Rxa1 Qe7 20. Re1 Rae8 21. c4
Nf6 22. Ng5 h6 23. Nf7 Kh7 24. Qf3 Ne4 25. Qh3 Rxf7 26. exf7 Qxf7 27. Qe3 Rd8
28. Bb4 b6 29. f3 Nd6 30. Qe7 Rd7 31. Qe5 c5 32. Bc3 Rd8 33. Qe7 Rd7 34. Qe5
1/2-1/2

[Event "Olexuv memorial 2017"]
[Site "?"]
[Date "2017.12.31"]
[Round "7.7"]
[White "Vavrousek, Petr"]
[Black "Zikan, Karel"]
[Result "1/2-1/2"]
[WhiteElo "1705"]
[BlackElo "1715"]
[PlyCount "106"]
[EventDate "2017.??.??"]

1. e4 c6 2. Nc3 d5 3. Nf3 Bg4 4. exd5 cxd5 5. Bb5+ Nc6 6. h3 Bxf3 7. Qxf3 e6 8.
O-O Nf6 9. d3 Be7 10. Bf4 O-O 11. Bxc6 bxc6 12. a3 Bd6 13. Ne2 Bxf4 14. Nxf4
Qb6 15. b4 a5 16. Rab1 axb4 17. axb4 Ra2 18. Rfc1 Rb8 19. c4 h6 20. b5 cxb5 21.
Rxb5 Qc7 22. Rxb8+ Qxb8 23. cxd5 e5 24. Nh5 Nxh5 25. Qxh5 Ra5 26. Qf5 Ra8 27.
Qd7 Qd8 28. Qc6 f6 29. d6 Ra7 30. Qd5+ Kh7 31. Qe6 Qd7 32. Qxd7 Rxd7 33. Rc6
Kg6 34. Kf1 Kf7 35. Ke2 Ke6 36. Ke3 Rxd6 37. Rc7 Rd7 38. Rxd7 Kxd7 39. f4 Ke6
40. g4 exf4+ 41. Kxf4 g6 42. Ke4 Kd6 43. Kd4 Kc6 44. Ke4 Kd6 45. h4 Ke6 46. h5
gxh5 47. gxh5 f5+ 48. Kf4 Kf6 49. d4 Ke6 50. d5+ Kxd5 51. Kxf5 Kd6 52. Kg6 Ke6
53. Kg7 Ke7 1/2-1/2

[Event "Olexuv memorial 2017"]
[Site "?"]
[Date "2017.12.31"]
[Round "7.8"]
[White "Neduchal, Jiri"]
[Black "Koci, Milos"]
[Result "*"]
[WhiteElo "1771"]
[BlackElo "1308"]
[PlyCount "83"]
[EventDate "2017.??.??"]
[SourceDate "2017.12.31"]

1. d4 d5 2. Nf3 Nf6 3. e3 e6 4. Bd3 Nc6 5. c3 Be7 6. O-O O-O 7. Nbd2 Bd6 8. e4
e5 9. exd5 Nxd5 10. dxe5 Nxe5 11. Nxe5 Bxe5 12. Bxh7+ Kxh7 13. Qh5+ Kg8 14.
Qxe5 Re8 15. Qd4 Nf6 16. Nf3 Qxd4 17. Nxd4 c5 18. Nb3 b6 19. Be3 Bb7 20. Rad1
Rad8 21. h3 Nh7 22. Nd2 Rd3 23. Nc4 Red8 24. Rxd3 Rxd3 25. Re1 Rd5 26. Bf4 Nf8
27. Re8 Bc6 28. Rb8 Rd1+ 29. Kh2 Re1 30. Ne3 Re2 31. Bd6 Rxf2 32. Rxf8+ Kh7 33.
Rc8 Be4 34. Re8 Bc6 35. Re7 Re2 36. b4 cxb4 37. cxb4 Kg6 38. a3 a6 39. h4 Ra2
40. Kh3 Rxa3 41. b5 Bxb5 42. Bxa3 *

[Event "Olexuv memorial 2017"]
[Site "?"]
[Date "2017.12.31"]
[Round "7.9"]
[White "Broz, Jan"]
[Black "Divis, Jan"]
[Result "*"]
[WhiteElo "1267"]
[BlackElo "1554"]
[PlyCount "75"]
[EventDate "2017.??.??"]
[SourceDate "2017.12.31"]

1. e4 d5 2. exd5 Qxd5 3. Nc3 Qa5 4. d4 Nf6 5. Bc4 c6 6. Nf3 Bg4 7. O-O Nbd7 8.
h3 Bf5 9. d5 cxd5 10. Bxd5 Nxd5 11. Qxd5 Qxd5 12. Nxd5 Rc8 13. c3 e6 14. Nf4
Be7 15. Be3 a6 16. Rad1 Be4 17. Nd4 h5 18. Nfe2 e5 19. Nb3 Bc2 20. Rd5 Bxb3 21.
axb3 f6 22. Rfd1 Nb8 23. Bb6 O-O 24. Ng3 g6 25. Ne4 Kf7 26. Nd6+ Bxd6 27. Rxd6
Rc6 28. Rxc6 bxc6 29. Bc7 Ke6 30. Rd6+ Ke7 31. Bxb8 Rxb8 32. Rxc6 Rxb3 33. Rxa6
Rxb2 34. g4 hxg4 35. hxg4 Rc2 36. g5 fxg5 37. Rxg6 Rxc3 38. Rxg5 *

[Event "Olexuv memorial 2017"]
[Site "?"]
[Date "2017.12.31"]
[Round "7.10"]
[White "Brda, Vlastimil"]
[Black "Hála, Pavel"]
[Result "0-1"]
[WhiteElo "1227"]
[BlackElo "1588"]
[PlyCount "157"]
[EventDate "2017.??.??"]
[SourceDate "2017.12.31"]

1. c4 d6 2. d4 e6 3. Nc3 h6 4. e4 Ne7 5. Be3 Ng6 6. Bd3 e5 7. Nge2 Be7 8. Nd5
c6 9. Nxe7 Qxe7 10. d5 c5 11. Qd2 Nd7 12. Ng3 Nf6 13. Bc2 Ng4 14. f3 Nxe3 15.
Qxe3 Nf4 16. h4 g6 17. Qf2 Bd7 18. Nf1 Nh5 19. Ne3 b5 20. b3 a6 21. g3 O-O 22.
Ng2 Ng7 23. g4 Qd8 24. Ne3 Qa5+ 25. Kf1 Qc3 26. Rb1 Rab8 27. Kg2 Qa5 28. Bd3 b4
29. f4 f6 30. f5 g5 31. hxg5 hxg5 32. Kg3 Kf7 33. Rh6 Rh8 34. Rbh1 Rbg8 35. Qg2
Qd8 36. Qh3 Rxh6 37. Qxh6 Qf8 38. Qh7 Ke8 39. Qg6+ Qf7 40. Qh7 Ke7 41. Rh6 Ne8
42. Qxf7+ Kxf7 43. Rh7+ Ng7 44. Nc2 a5 45. a3 bxa3 46. Nxa3 Rb8 47. Nb5 Bxb5
48. cxb5 Kg8 49. Rh6 Ne8 50. Bc4 Kg7 51. Rh1 Nc7 52. Ra1 Ra8 53. b6 Ne8 54. b7
Rb8 55. Rxa5 Rxb7 56. Kf3 Kf8 57. Ra8 Kf7 58. Ke3 Nc7 59. Ra5 Ke7 60. Kd3 Kd7
61. Kc3 Rb6 62. Kb2 Kc8 63. Ka3 Kb8 64. Ka4 Na8 65. Ka3 Rb4 66. Bd3 Nb6 67. Bc2
Kb7 68. Bd3 Rd4 69. Ba6+ Kc7 70. Bb5 Rxe4 71. Ra7+ Kb8 72. Rf7 Nxd5 73. Bc6 Rd4
74. Rd7 Nb4 75. Bb5 Rd2 76. Rd8+ Kc7 77. Rd7+ Kb6 78. Rxd6+ Rxd6 79. Kb2 0-1